|
|
|
|
| LEADER |
00000nam a22000007a 4500 |
| 005 |
20190718014749.0 |
| 007 |
cr|||| ||| |
| 008 |
190718s2019 mx |||||s|||| 00||0 spa d |
| 020 |
|
|
|a 978-607-8628-42-1
|
| 035 |
|
|
|a 23914
|
| 040 |
|
|
|a vLex
|
| 090 |
|
|
|c 9039
|d 9039
|
| 100 |
1 |
|
|a Vargas Moreno, Mara̕ de los ℓngeles
|
| 245 |
1 |
0 |
|a Fundamentos de contabilidad
|h [Recurso electrn̤ico] /
|c Mara̕ de los ℓngeles Vargas Moreno
|
| 256 |
|
|
|a Servicio en ln̕ea
|
| 260 |
|
|
|a Ciudad de Mx̌ico:
|b Instituto Mexicano de Contadores Pb︢licos,
|c 2019
|
| 300 |
|
|
|a 1 recurso electrn̤ico
|
| 500 |
|
|
|a El control de las actividades que desarrolla un ente econm̤ico hace necesario el registro de sus operaciones, el cual ayuda a emitir informes y buscar soluciones adecuadas, de ah ̕la importancia de tener buenas bases de contabilidad.Fundamentos de contabilidad tiene la finalidad de ser un soporte para entender dicho registro, adems̀ de elaborar los estados financieros que sirven como material didc̀tico para los maestros que imparten la asignatura de contabilidad bs̀ica, como es el caso de su autora, quien a lo largo de su desempeǫ como maestra de contabilidad ha obtenido excelentes resultados.Esta edicin̤ se enriqueci ̤en la parte ter̤ica, por lo cual presenta nuevos ejercicios para que el alumno comprenda fc̀ilmente los conceptos bs̀icos y ponga en prc̀tica su correcta aplicacin̤
|
| 506 |
1 |
|
|a Disponible solo en los productos indicados
|d vLex Global
|d vLex Global (Academic Edition, excluding Law Schools)
|d vLex Global (U.S. Academic Edition, Law Schools)
|d vLex Global (U.S. Academic Edition, excluding Law Schools)
|d vLex Global (Academic Edition, Law Schools)
|
| 650 |
0 |
4 |
|a Contabilidad
|z Mx̌ico
|
| 740 |
0 |
|
|a vLex Libros (Servicio en ln̕ea)
|
| 856 |
4 |
0 |
|u http://vlex.com/source/fundamentos-de-contabilidad-23914
|z Acceso restringido
|
| 942 |
|
|
|c BOOK
|
| 999 |
0 |
|
|a Accounting
|